Nghiên cứu chế tạo vật liệu nanocompozit trên cơ sở hỗn hợp một pha, hai pha của các nhựa polyeste không no và nanosilica /

Uloženo v:
Podrobná bibliografie
Hlavní autor: Hoàng Anh Sơn.
Další autoři: Ngô Quốc Bưu., Trần Anh Tuấn., Võ Thành Phong.
Médium: Článek
Jazyk:Vietnamese
Témata:
Tagy: Přidat tag
Žádné tagy, Buďte první, kdo otaguje tento záznam!
Thư viện lưu trữ: Thư viện Trường Đại học Đà Lạt
LEADER 00965nam a2200301 4500
001 DLU110119689
005 ##20110414
040 # # |a DLU  |b vie 
041 # # |a vie 
044 # # |a vn 
100 # # |a Hoàng Anh Sơn. 
245 # # |a Nghiên cứu chế tạo vật liệu nanocompozit trên cơ sở hỗn hợp một pha, hai pha của các nhựa polyeste không no và nanosilica /  |c Hoàng Anh Sơn, ...{và những người khác} 
653 # # |a Hóa chất 
653 # # |a Hạt nano 
653 # # |a Vật liệu 
700 # # |a Ngô Quốc Bưu. 
700 # # |a Trần Anh Tuấn. 
700 # # |a Võ Thành Phong. 
773 # # |t Tạp chí Hóa học  |g Số 2(46), 2008, tr. 205-210 
920 # # |a Phòng Tạp chí -- Trung tâm Thông tin - Thư viện Trường Đại học Đà Lạt 
994 # # |a DLU 
900 # # |a True 
911 # # |a Nguyễn Thị Linh Chi 
925 # # |a G 
926 # # |a A 
927 # # |a BB 
980 # # |a Thư viện Trường Đại học Đà Lạt